000 00546nam a2200181Ia 4500
008 100920s9999 xx 000 0 und d
082 _b48275
_a51 0
100 _aबेडेकर विश्राम.
245 _aएक झाड दोन पक्षी.
260 _b---
_c0
300 _a315
_bसाधी
365 _b100
520 _aचरित्र.
630 _aएक झाड दोन पक्षी.
650 _aचरित्र.
730 _aएक झाड दोन पक्षी.
942 _cBOOK
999 _c695289
_d695286